Marang: (Record no. 196055)

MARC details
000 -LEADER
fixed length control field 00532nam a22001817a 4500
008 - FIXED-LENGTH DATA ELEMENTS--GENERAL INFORMATION
fixed length control field 20230523
010 ## - LCCN (DPL NO)
LC control number ENG-136990
020 ## - INTERNATIONAL STANDARD BOOK NUMBER
International Standard Book Number 978939746859
Terms of availability 96.00
035 ## - SYSTEM CONTROL NUMBER
System control number EN-120522
037 ## - SOURCE OF ACQUISITION
Source of stock number/acquisition DBAD/ PUB
082 ## - DEWEY DECIMAL CLASSIFICATION NUMBER
Classification number 888.88
100 ## - MAIN ENTRY--PERSONAL NAME
Personal name Mpata, Kebafilwe Sonia
245 ## - TITLE STATEMENT
Title Marang:
Remainder of title The Book of Healing/
Statement of responsibility, etc Kebafilwe Sonia Mpata
260 ## - PUBLICATION, DISTRIBUTION, ETC. (IMPRINT)
Place of publication, distribution, etc Kolkata
Name of publisher, distributor, etc exceller book
Date of publication, distribution, etc 2021
270 ## - ADDRESS
Address Dream Apartment,Degree collage road,
City kolkata
Postal code 700056
300 ## - PHYSICAL DESCRIPTION
Extent 54p.;
Dimensions 21cm(pbk)
942 ## - ADDED ENTRY ELEMENTS (KOHA)
Source of classification or shelving scheme Dewey Decimal Classification
Item type English Books
Call number suffix MPA
Classification part 888.88
Holdings
Withdrawn status Lost status Source of classification or shelving scheme Damaged status Not for loan Collection code Home library Current library Date acquired Source of acquisition Cost, normal purchase price Total Checkouts Total Renewals Full call number Barcode Date last seen Copy number Cost, replacement price Koha item type
    Dewey Decimal Classification     Non-fiction Ashok Vihar Ashok Vihar 23/05/2023 DBAD/PUB 96.00 1 1 888.88 MPA EN-120522 02/09/2025 1 96.00 English Books

© Delhi Public Library
Hit Counter
free hit counter